Essential norms of weighted composition operators between weighted Bergman spaces of the ball
In this paper, we estimate the essential norm of a weighted composition operator between different weighted Bergman spaces on the unit ball in the complex /V-dimensional Euclidean space. In our results, we use Carleson type measures and certain integral operators to estimate the essential norm.
Elmentve itt :
| Szerzők: | |
|---|---|
| Dokumentumtípus: | Cikk |
| Megjelent: |
Bolyai Institute, University of Szeged
Szeged
2008
|
| Sorozat: | Acta scientiarum mathematicarum
74 No. 3-4 |
| Kulcsszavak: | Matematika, Bergman-tér |
| Tárgyszavak: | |
| Online Access: | http://acta.bibl.u-szeged.hu/16273 |
| LEADER | 01135nab a2200229 i 4500 | ||
|---|---|---|---|
| 001 | acta16273 | ||
| 005 | 20260311132140.0 | ||
| 008 | 161015s2008 hu o 000 eng d | ||
| 022 | |a 0001-6969 | ||
| 040 | |a SZTE Egyetemi Kiadványok Repozitórium |b hun | ||
| 041 | |a eng | ||
| 100 | 1 | |a Ueki Sei-Ichiro | |
| 245 | 1 | 0 | |a Essential norms of weighted composition operators between weighted Bergman spaces of the ball |h [elektronikus dokumentum] / |c Ueki Sei-Ichiro |
| 260 | |a Bolyai Institute, University of Szeged |b Szeged |c 2008 | ||
| 300 | |a 829-843 | ||
| 490 | 0 | |a Acta scientiarum mathematicarum |v 74 No. 3-4 | |
| 520 | 3 | |a In this paper, we estimate the essential norm of a weighted composition operator between different weighted Bergman spaces on the unit ball in the complex /V-dimensional Euclidean space. In our results, we use Carleson type measures and certain integral operators to estimate the essential norm. | |
| 650 | 4 | |a Természettudományok | |
| 650 | 4 | |a Matematika | |
| 695 | |a Matematika, Bergman-tér | ||
| 700 | 0 | 1 | |a Luo Luo |e aut |
| 856 | 4 | 0 | |u http://acta.bibl.u-szeged.hu/16273/1/math_074_numb_003_004_829-843.pdf |z Dokumentum-elérés |